Statistics for Premier League Players 2022/23 by Name - A

Click here to take the quiz!

General Stats

  • This quiz has been taken 86 times
  • The average score is 24 of 37

Answer Stats

ClubNationPositionPlayer% Correct
LiverpoolBrazilGKAlisson
93%
Manchester CityArgentinaFWJulian Alvarez
90%
Manchester UnitedBrazilFWAntony
89%
SouthamptonScotlandFWChe Adams
89%
Newcastle UnitedParaguayFWMiguel Almiron
89%
Manchester CityNetherlandsDFNathan Ake
89%
Leeds UnitedUnited StatesMFTyler Adams
89%
ChelseaGabonFWPierre-Emerick Aubameyang
87%
LiverpoolEnglandDFTrent Alexander-Arnold
87%
West Ham UnitedJamaicaFWMichail Antonio
85%
Leeds UnitedUnited StatesMFBrenden Aaronson
82%
LiverpoolSpainGKAdrian
80%
West Ham UnitedFranceGKAlphonse Areola
77%
ChelseaSpainDFCesar Azpilicueta
75%
West Ham UnitedMoroccoDFNayef Aguerd
75%
Crystal PalaceDenmarkDFJoachim Andersen
74%
Nottingham ForestGhanaFWAndre Ayew
72%
Crystal PalaceGhanaFWJordan Ayew
72%
SouthamptonEnglandFWAdam Armstrong
70%
SouthamptonScotlandMFStuart Armstrong
70%
Leicester CityGhanaDFDaniel Amartey
67%
BrentfordNorwayDFKristoffer Ajer
64%
WolvesFranceDFRayan Ait-Nouri
62%
Nottingham ForestIvory CoastDFSerge Aurier
61%
LiverpoolBrazilMFArthur
57%
Nottingham ForestNigeriaFWTaiwo Awoniyi
56%
Newcastle UnitedScotlandMFElliot Anderson
52%
SouthamptonArgentinaMFCarlos Alcaraz
46%
BournemouthEnglandFWJaidon Anthony
43%
Leeds UnitedEnglandDFLuke Ayling
43%
SouthamptonNigeriaMFJoe Aribo
41%
FulhamEnglandDFTosin Adarabioyo
36%
Tottenham HotspurEnglandGKBrandon Austin
26%
Crystal PalaceFranceMFNaouirou Ahamada
21%
Brighton & Hove AlbionSwedenMFYasin Ayari
18%
West Ham UnitedEnglandGKJoseph Anang
13%
Newcastle UnitedScotlandDFHarrison Ashby
11%

Score Distribution

Percentile by Number Answered

Percent of People with Each Score

Your Score History

You have not taken this quiz